|
|
|
|
| LEADER |
00000nam0a2200000 4500 |
| 001 |
373990 |
| 005 |
20231102012620.0 |
| 035 |
|
|
|a (RuTPU)RU\TPU\retro\31423
|
| 035 |
|
|
|a RU\TPU\book\271039
|
| 090 |
|
|
|a 373990
|
| 100 |
|
|
|a 20221216d1959 km y0rusy50 ca
|
| 101 |
0 |
|
|a rus
|
| 102 |
|
|
|a RU
|
| 105 |
|
|
|a a z 001zy
|
| 200 |
1 |
|
|a Электронная оптика электростатических полей, не обладающих осевой симметрией
|f А. М. Страшкевич
|
| 210 |
|
|
|a Москва
|c Физматлит
|d 1959
|
| 215 |
|
|
|a 251 с.
|c ил.
|
| 320 |
|
|
|a Библиогр.: с. 247-251.
|
| 606 |
1 |
|
|a Оптика
|2 stltpush
|3 (RuTPU)RU\TPU\subj\67665
|9 83386
|
| 606 |
1 |
|
|a Электрофизика
|2 stltpush
|3 (RuTPU)RU\TPU\subj\20983
|9 46040
|
| 610 |
1 |
|
|a электростатическое поле
|
| 610 |
1 |
|
|a уравнения
|
| 610 |
1 |
|
|a поля
|
| 610 |
1 |
|
|a электронно-оптические свойства
|
| 610 |
1 |
|
|a уравнения Лагранжа-Гельмгольца
|
| 610 |
1 |
|
|a формулы
|
| 610 |
1 |
|
|a симметрия
|
| 610 |
1 |
|
|a антисимметрия
|
| 610 |
1 |
|
|a релятивистская теория
|
| 610 |
1 |
|
|a аберрации
|
| 610 |
1 |
|
|a приложения
|
| 675 |
|
|
|a 535
|v 3
|
| 675 |
|
|
|a 537
|v 3
|
| 700 |
|
1 |
|a Страшкевич
|b А. М.
|g Алексей Михайлович
|
| 801 |
|
1 |
|a RU
|b 63413507
|c 20140130
|
| 801 |
|
2 |
|a RU
|b 63413507
|c 20221216
|g RCR
|
| 942 |
|
|
|c BK
|